Planning application statistics. (Record no. 61481)

MARC details
000 -LEADER
fixed length control field 00608cam a2200169 4500
001 - CONTROL NUMBER
control field WB3525-23
008 - FIXED-LENGTH DATA ELEMENTS--GENERAL INFORMATION
fixed length control field 000000n1999 000 0 eng u
035 ## - SYSTEM CONTROL NUMBER
System control number (Sirsi) u102469
245 ## - TITLE STATEMENT
Title Planning application statistics.
260 ## - PUBLICATION, DISTRIBUTION, ETC.
Date of publication, distribution, etc. 1999
490 ## - SERIES STATEMENT
Series statement DETR News Release
Volume/sequential designation (537) 25 June 1999(21)
520 ## - SUMMARY, ETC.
Summary, etc. The DETR has released the planning application statistics for the first quarter of 1999.Includes statistics. Also available at http://www.planning.detr.gov.uk/pd/0399/index.htm
650 ## - SUBJECT ADDED ENTRY--TOPICAL TERM
Topical term or geographic name entry element PLANNING APPLICATIONS
650 ## - SUBJECT ADDED ENTRY--TOPICAL TERM
Topical term or geographic name entry element STATISTICS
690 ## - LOCAL SUBJECT ADDED ENTRY--TOPICAL TERM (OCLC, RLIN)
Topical term or geographic name as entry element PLANNING LAW AND PRACTICE
942 ## - ADDED ENTRY ELEMENTS (KOHA)
Suppress in OPAC 0
Holdings
Withdrawn status Lost status Source of classification or shelving scheme Damaged status Not for loan Home library Current library Shelving location Date acquired Total Checkouts Full call number Barcode Date last seen Copy number Price effective from Koha item type
    Dewey Decimal Classification     London London News article 22/11/1999   WB3525-23 102469-1001 06/08/2019 1 06/08/2019 News article